00642nab a2200193 uc450000100070000000500170000700800410002403500110006503500210007604000130009704100080011010000260011824500570014460000340020165000200023565000260025565000220028177301450030341603620240201131244.0990521nuuuuuuuu spa  a416036 a(OCoLC)819781932 ccomduadb aspa10aGiralt, Pau4auteaut10aComo volver a dar un sentido a la palabra humanismo?14aHeidegger, Martin,d1889-1976 7aHumanismo2lemb 7aExistencialismo2lemb aSer (Filosofía)0 tRevista de Filosofía. Universidad Iberoamericana (México)gVolumen 28, Número 082, Enero-Abril 1995, p. 1-35w106978x0185-3481092043